| 000 | 00660nam a2200181 i 4500 | ||
|---|---|---|---|
| 001 | 29490 | ||
| 003 | ES-MaACL | ||
| 005 | 20230906154037.0 | ||
| 007 | t| | ||
| 008 | 030122s1885 gw |||| | ger d | ||
| 245 | 0 | 4 | _aDer Spanisch-Deutsche ronfliktum die rasolimem und die revolution in Spaniem. |
| 260 |
_aHagen : _bVerlag von Hermann Risel & Co., _c1885. |
||
| 300 |
_a92 p. ; _c15 cm. |
||
| 651 | 4 |
_aCarolinas (Islas)- _xHistoria- _y1885 (Arbitraje papal) _9156330 |
|
| 651 | 4 |
_aEspaña- _xRelaciones- _zAlemania. _9149657 |
|
| 651 | 4 |
_aAlemania- _xRelaciones- _zEspaña. _9149658 |
|
| 852 |
_aES-MaACL _jT-405-F-3 _z. - Dedicatoria autógrafa de ¿Ernesto Bark? |
||
| 999 |
_c29490 _d29490 |
||